000 00477cam a2200169 a 4500
020 _a0256130116
040 _cDLC
082 0 0 _a332 LRW 1998 A070 Or.
100 1 _aLevich, Richard M.
245 1 0 _aInternational financial markets :
_bprices and policies /
260 _aBoston, Mass. :
_bIrwin/McGraw-Hill,
_cc1998.
300 _axxv, 663 p. :
_bill. ;
_c27 cm.
650 0 _aInternational finance.
650 0 _aInvestments, Foreign.
650 0 _aSecurities
942 _cEK
999 _c14824
_d14824